000
00353nam a2200169Ia 4500
100
_a
Peelen/Ed
650
_a
CRM
942
_c
BK
366
_f
25
654
_a
CRM
245
_a
Customer Relationship Management
260
_b
Pearson Education
_c
2005
082
_a
658.812
_b
PEE
300
_a
433
546
_a
ENGLISH
_c
electronics
999
_c
29693
_d
29693